Junius and Philip Francis / (Record no. 36054)
[ view plain ]
| 000 -LEADER | |
|---|---|
| fixed length control field | 00929cam a2200301 i 4500 |
| 001 - CONTROL NUMBER | |
| control field | 36054 |
| 003 - CONTROL NUMBER IDENTIFIER | |
| rucl marc code | BD-RjUL |
| 005 - DATE AND TIME OF LATEST TRANSACTION | |
| control field | 20211209052427.0 |
| 008 - FIXED-LENGTH DATA ELEMENTS--GENERAL INFORMATION | |
| fixed length control field | 140615s1979 mauc b 001 0 eng |
| 020 ## - INTERNATIONAL STANDARD BOOK NUMBER | |
| International Standard Book Number | 0805767533 |
| 035 ## - SYSTEM CONTROL NUMBER | |
| System control number | (BD-RjUL)36151 |
| 040 ## - CATALOGING SOURCE | |
| Original cataloging agency | DLC |
| Transcribing agency | DLC |
| Modifying agency | BD-RjUL |
| Language of cataloging | eng |
| 041 ## - LANGUAGE CODE | |
| Language code of text/sound track or separate title | eng |
| 082 00 - DEWEY DECIMAL CLASSIFICATION NUMBER | |
| Classification number | 320.941073 |
| Author mark and year | MCJ 1979 |
| 100 1# - MAIN ENTRY--PERSONAL NAME | |
| Personal name | McCracken, David. |
| 9 (RLIN) | 60217 |
| 245 10 - TITLE STATEMENT | |
| Title | Junius and Philip Francis / |
| Statement of responsibility, etc. | by David McCracken. |
| 260 ## - PUBLICATION, DISTRIBUTION, ETC. (IMPRINT) | |
| Place of publication, distribution, etc. | Boston : |
| Name of publisher, distributor, etc. | Twayne Publishers, |
| Date of publication, distribution, etc. | c1979. |
| 300 ## - PHYSICAL DESCRIPTION | |
| Pagination | 157 p. : |
| Illustrations | ill. ; |
| Size | 21 cm. |
| 490 0# - SERIES STATEMENT | |
| Series statement | Twayne's English authors series ; TEAS 259 |
| 504 ## - BIBLIOGRAPHY, ETC. NOTE | |
| Bibliography, etc | Bibliography: p. 149-152. |
| Bibliography, etc | Includes index. |
| 600 00 - SUBJECT ADDED ENTRY--PERSONAL NAME | |
| Personal name | Junius, |
| Dates associated with a name | active 18th century. |
| Personal name | Francis, Philip, |
| Titles and other words associated with a name | Sir, |
| Dates associated with a name | 1740-1818. |
| 651 #0 - SUBJECT ADDED ENTRY--GEOGRAPHIC NAME | |
| Geographic name | Great Britain |
| General subdivision | Politics and government |
| Chronological subdivision | 1760-1820. |
| 9 (RLIN) | 76224 |
| 942 ## - ADDED ENTRY ELEMENTS (KOHA) | |
| Source of classification or shelving scheme | Dewey Decimal Classification |
| Koha item type | Books |
| Lost status | Source of classification or shelving scheme | Damaged status | Not for loan | Collection code | Permanent Location | Current Location | Shelving location | Date acquired | Source of acquisition | Total Checkouts | Full call number | Date last seen | Copy number | Koha item type |
|---|---|---|---|---|---|---|---|---|---|---|---|---|---|---|
| Dewey Decimal Classification | Not For Loan | Non-fiction | Central Library, University of Rajshahi | Central Library, University of Rajshahi | Reading Room | 30/11/1985 | Asia Foundation | 320.941073 MCJ 1979 | 15/06/2014 | C-1 | Books |